PERFICE MUNUS! RASSEGNA DI FORMAZIONE E VITA PASTORALE. APRILE 1956. (Record n. 324244)
[ formato base ]
| 000 -LEADER | |
|---|---|
| fixed length control field | 01588nas a2200277Ia 4500 |
| 001 - CONTROL NUMBER | |
| control field | R262-R5727 |
| 003 - CONTROL NUMBER IDENTIFIER | |
| control field | IT-CnALBA |
| 008 - FIXED-LENGTH DATA ELEMENTS--GENERAL INFORMATION | |
| fixed length control field | 170116c99999999xx |||||||||||| ||und|| |
| 040 ## - CATALOGING SOURCE | |
| Original cataloging agency | IT-CnALBA |
| Transcribing agency | IT-CnALBA |
| 041 ## - LANGUAGE CODE | |
| Language code of text/sound track or separate title | POLIGLOTTA |
| 999 ## - SYSTEM CONTROL NUMBERS (KOHA) | |
| Koha Dewey Subclass [OBSOLETE] | NO |
| 100 ## - MAIN ENTRY--PERSONAL NAME | |
| Personal name | PIO XII, PAPA PACELLI EUGENIO. |
| 210 ## - ABBREVIATED TITLE | |
| Abbreviated title | PEREFICE MUNUS |
| 222 ## - KEY TITLE | |
| Key title | PEREFICE MUNUS |
| 245 #0 - TITLE STATEMENT | |
| Title | PERFICE MUNUS! RASSEGNA DI FORMAZIONE E VITA PASTORALE. APRILE 1956. |
| 250 ## - EDITION STATEMENT | |
| Edition statement | 1a ed. |
| 260 ## - PUBLICATION, DISTRIBUTION, ETC. (IMPRINT) | |
| Place of publication, distribution, etc. | TORINO |
| Name of publisher, distributor, etc. | LICE. ROBERTO BERRUTI & C. |
| Date of publication, distribution, etc. | 1956 [1° Ed.:1956 - Ed.Ling.Originale: 1956] |
| 300 ## - PHYSICAL DESCRIPTION | |
| Extent | 64 p. |
| 310 ## - CURRENT PUBLICATION FREQUENCY | |
| Current publication frequency | MENSILE |
| 362 ## - DATES OF PUBLICATION AND/OR SEQUENTIAL DESIGNATION | |
| Dates of publication and/or sequential designation | Fascicolo: 4 / Anno: 31 (1956) |
| 500 ## - GENERAL NOTE | |
| General note | ENCICLICA SULLA MUSICA SACRA. LITURGIA, PUNTI PRATICI PER LA SETTIMANA SANTA, BURI P. SACRAMENTI IN LINGUA ITALIANA, ANGIOLINI D. QUESITI SULLE NUOVE RUBRICHE. CREDO NELLA MESSA DI S. FRANCESCO. MORALE. CORO E MESSA CONVENTUALE, FILOGALO A. SUL DIGIUNO EUCARISTICO. VOTO. PECCATI RIMESSI DAL DOLORE PERFETTO. DIRITTO CANONICO. CULTURA E FORMAZIONE SOCIALE DEL CLERO. |
| 501 ## - WITH NOTE | |
| With note | Società San Paolo EM - Piazza San Paolo, 14 - 12051 ALBA (CN) (non commercial uses only) ® Copyright 2017 |
| 520 ## - SUMMARY, ETC. | |
| Summary, etc. | ENCICLICA SULLA MUSICA SACRA. LITURGIA, PUNTI PRATICI PER LA SETTIMANA SANTA, BURI P. SACRAMENTI IN LINGUA ITALIANA, ANGIOLINI D. QUESITI SULLE NUOVE RUBRICHE. CREDO NELLA MESSA DI S. FRANCESCO. MORALE. CORO E MESSA CONVENTUALE, FILOGALO A. SUL DIGIUNO EUCARISTICO. VOTO. PECCATI RIMESSI DAL DOLORE PERFETTO. DIRITTO CANONICO. CULTURA E FORMAZIONE SOCIALE DEL CLERO. |
| 650 ## - SUBJECT ADDED ENTRY--TOPICAL TERM | |
| Topical term or geographic name as entry element | ECCLESIOLOGIA |
| 942 ## - ADDED ENTRY ELEMENTS (KOHA) | |
| Koha item type | RIVISTA |
| 957 ## - | |
| -- | 1 |
| 999 ## - SYSTEM CONTROL NUMBERS (KOHA) | |
| -- | 1 |
| Withdrawn status | Lost status | Damaged status | Not for loan | Home library | Current library | Date acquired | Total Checkouts | Full call number | Date last seen | Price effective from | Koha item type | Public note |
|---|---|---|---|---|---|---|---|---|---|---|---|---|
| Buone Condizioni | Not For Loan | ALBA - Biblioteca | ALBA - Biblioteca | 16/01/2017 | R262-R5727 | 16/01/2017 | 16/01/2017 | RIVISTA | (data import: 16 gennaio 2017) - By Epidotti, Vaglietti. |